Central Library OPAC University of Rajshahi

Linear partial differential operators / (Record no. 7328)

MARC details
000 -LEADER
fixed length control field 01052nam a2200277 a 4500
001 - CONTROL NUMBER
control field 7328
003 - CONTROL NUMBER IDENTIFIER
rucl marc code BD-RjUL
005 - DATE AND TIME OF LATEST TRANSACTION
control field 20211208234411.0
008 - FIXED-LENGTH DATA ELEMENTS--GENERAL INFORMATION
fixed length control field 160922s1963 gw a b 001 0 eng
035 ## - SYSTEM CONTROL NUMBER
System control number (BD-RjUL)7371
040 ## - CATALOGING SOURCE
Original cataloging agency DLC/ICU
Transcribing agency ICU
Modifying agency DLC
-- BD-RjUL
Language of cataloging eng
041 ## - LANGUAGE CODE
Language code of text/sound track or separate title eng
082 00 - DEWEY DECIMAL CLASSIFICATION NUMBER
Classification number 515.7242
Author mark and year HOL 1963
Edition number 23
100 1# - MAIN ENTRY--PERSONAL NAME
Personal name Hörmander, Lars.
9 (RLIN) 21671
245 10 - TITLE STATEMENT
Title Linear partial differential operators /
Statement of responsibility, etc. Lars Hörmander
260 ## - PUBLICATION, DISTRIBUTION, ETC. (IMPRINT)
Place of publication, distribution, etc. Berlin :
Name of publisher, distributor, etc. Springer,
Date of publication, distribution, etc. c1963.
300 ## - PHYSICAL DESCRIPTION
Pagination vii, 284 p. ;
Size 23 cm.
490 1# - SERIES STATEMENT
Series statement Die Grundlehren der mathematischen Wissenschaften in Einzeldarstellungen mit besonderer Berücksichtigung der Anwendungsgebiete,
Volume/sequential designation Bd. 116
504 ## - BIBLIOGRAPHY, ETC. NOTE
Bibliography, etc Includes bibliography and index.
650 #0 - SUBJECT ADDED ENTRY--TOPICAL TERM
Topical term or geographic name as entry element Differential equations, Partial.
9 (RLIN) 22877
Topical term or geographic name as entry element Partial differential operators.
9 (RLIN) 22878
830 #0 - SERIES ADDED ENTRY--UNIFORM TITLE
Volume number/sequential designation Bd. 116.
Uniform title Grundlehren der mathematischen Wissenschaften in Einzeldarstellungen mit besonderer Berücksichtigung der Anwendungsgebiete ;
942 ## - ADDED ENTRY ELEMENTS (KOHA)
Source of classification or shelving scheme Dewey Decimal Classification
Koha item type Books
Holdings
Lost status Source of classification or shelving scheme Damaged status Not for loan Collection code Permanent Location Current Location Shelving location Date acquired Source of acquisition Cost, normal purchase price Total Checkouts Full call number Date last seen Copy number Koha item type
  Dewey Decimal Classification     Non-fiction Central Library, University of Rajshahi Central Library, University of Rajshahi   12/09/1964 Zeitlinger 76.00   515.7242 HOL 1963 13/01/2014 C-2 Books
  Dewey Decimal Classification     Non-fiction Central Library, University of Rajshahi Central Library, University of Rajshahi   12/09/1964 Zeetlinger 76.00   515.7242 HOL 1963 29/08/2016 C-3 Books